People-centric, not personality-driven: India’s neighborhood approach in IOR (Record no. 527221)

000 -LEADER
fixed length control field 00444nam a22001337a 4500
008 - FIXED-LENGTH DATA ELEMENTS--GENERAL INFORMATION
fixed length control field 240814b ||||| |||| 00| 0 eng d
100 ## - MAIN ENTRY--PERSONAL NAME
Personal name Moorthy, N. Sathiya
245 ## - TITLE STATEMENT
Title People-centric, not personality-driven: India’s neighborhood approach in IOR
260 ## - PUBLICATION, DISTRIBUTION, ETC. (IMPRINT)
Place of publication, distribution, etc Foreign Affairs journal
300 ## - PHYSICAL DESCRIPTION
Extent 18(3-4), Jul-Dec, 2023: p.193-208
773 ## - HOST ITEM ENTRY
Main entry heading Foreign Affairs journal
906 ## - LOCAL DATA ELEMENT F, LDF (RLIN)
Subject DIP INTERNATIONAL RELATIONS
942 ## - ADDED ENTRY ELEMENTS (KOHA)
Item type Articles
Holdings
Withdrawn status Lost status Source of classification or shelving scheme Damaged status Not for loan Permanent location Current location Date acquired Serial Enumeration / chronology Barcode Date last seen Koha item type
          Indian Institute of Public Administration Indian Institute of Public Administration 2024-08-14 18(3-4), Jul-Dec, 2023: p.193-208 AR132668 2024-08-14 Articles

Powered by Koha